[Event "Mumbai Transganization op"]
[Site "Mumbai"]
[Date "2024.01.27"]
[Round "5"]
[White "Reyaansh, Venkat"]
[Black "Shah, Veer Kunjan"]
[Result "0-1"]
[WhiteElo "1201"]
[BlackElo "1363"]
[PlyCount "112"]
[EventDate "2024.01.25"]
[EventType "swiss"]
[EventRounds "8"]
[EventCountry "IND"]
[SourceTitle "CB06_2024"]
[SourceDate "2024.02.07"]
[SourceVersion "1"]
[SourceVersionDate "2024.02.07"]
[SourceQuality "1"]

1. e4 c5 2. Nf3 d6 3. Bb5+ Bd7 4. Bxd7+ Qxd7 5. c4 Nc6 6. Nc3 Nf6 7. 0-0 g6 8. d4 cxd4 9. Nxd4 Bg7 10. Re1 0-0 11. Nxc6 Qxc6 12. b3 Nxe4 13. Nd5 Qd7 14. Rb1 Nc3 15. Nxc3 Bxc3 16. Re3 Bf6 17. c5 Qf5 18. Ba3 dxc5 19. Rf3 Qh5 20. Rc1 Rfd8 21. Qc2 b6 22. Qe4 Qd5 23. Qxd5 Rxd5 24. b4 Rad8 25. h3 Rd1+ 26. Rxd1 Rxd1+ 27. Kh2 Be5+ 28. g3 c4 29. Re3 Bf6 30. Re4 c3 31. Rc4 Ra1 32. Rc8+ Kg7 33. b5 Rxa2 34. Bb4 Rxf2+ 35. Kg1 Rb2 36. Bxc3 Bxc3 37. Rxc3 Rxb5 38. Rc7 a5 39. Rxe7 a4 40. Re1 a3 41. Ra1 Rb3 42. Kf2 b5 43. h4 b4 44. Ke2 Rxg3 45. Kd2 Rg2+ 46. Kd3 Rg4 47. Rh1 b3 48. Kc3 Rg3+ 49. Kb4 b2 50. Rb1 a2 51. Rxb2 a1Q 52. Rb3 Qd4+ 53. Ka3 Qc5+ 54. Ka2 Qc2+ 55. Rb2 Qa4+ 56. Kb1 Rg1# 0-1

[Event "Mumbai Transganization op"]
[Site "Mumbai"]
[Date "2024.01.26"]
[Round "3"]
[White "Reyaansh, Venkat"]
[Black "Sardana, Vivaan"]
[Result "0-1"]
[WhiteElo "1201"]
[BlackElo "1377"]
[PlyCount "106"]
[EventDate "2024.01.25"]
[EventType "swiss"]
[EventRounds "8"]
[EventCountry "IND"]
[SourceTitle "CB06_2024"]
[SourceDate "2024.02.07"]
[SourceVersion "1"]
[SourceVersionDate "2024.02.07"]
[SourceQuality "1"]

1. e4 e5 2. Nf3 Nc6 3. Bc4 Bc5 4. 0-0 Nf6 5. d3 d6 6. h3 h6 7. c3 0-0 8. Re1 a6 9. d4 exd4 10. cxd4 Bb4 11. Bd2 Bxd2 12. Nbxd2 d5 13. exd5 Nxd5 14. Nb3 Bf5 15. Ne5 Ncb4 16. Qf3 Be6 17. Re2 b5 18. Bxd5 Bxd5 19. Qc3 Qd6 20. a3 Bxb3 21. Qxb3 Nd5 22. Rc1 Nf4 23. Rd2 Ne6 24. Rc6 Qe7 25. Qc3 Rfd8 26. d5 Nf4 27. Rxc7 Qg5 28. Qg3 Qxe5 29. d6 Rxd6 30. Rdc2 Rg6 31. Rc8+ Rxc8 32. Rxc8+ Kh7 33. Qf3 Qe1+ 34. Kh2 Rxg2+ 35. Qxg2 Nxg2 36. Kxg2 Qe4+ 37. Kh2 Qf5 38. Ra8 Qxf2+ 39. Kh1 Qf3+ 40. Kg1 Qxa8 41. Kf2 Qe4 42. Kg1 Qb1+ 43. Kg2 Qxb2+ 44. Kh1 Qxa3 45. Kg1 Qxh3 46. Kf2 Qc3 47. Ke2 a5 48. Kf2 a4 49. Ke2 a3 50. Kf2 a2 51. Ke2 a1Q 52. Kf2 Qab2+ 53. Kf1 Qcc1# 0-1